000 00352nam a22001457a 4500
003 OSt
005 20160727222420.0
008 160627b xxu||||| |||| 00| 0 eng d
040 _cTEST
100 _91238
_aElting, M
245 _aWhy? What? Where?
260 _aNEW YORK
_bGROSSET & DUNLAP, INC.
_c1959
300 _aWhy? What? Where?
942 _2ddc
_cBK
999 _c1012
_d1012